000 004440000a22001690004500
041 0 _aENG
082 0 4 _aG 252.9 M1167b
100 1 _aMacartney, Clarence Edward (1879-1957)
245 1 0 _aBible epitaphs / clarence Edward Macartney
260 _aNew York, USA : Abingdon
300 _a200 Pag
001 6238
942 _cBK
999 _c36514
_d36514
336 _atexto
_btxt
_2rdacontent
337 _2rdamedia
_asin mediación
_bn
338 _2rdacarrier
_avolumen
_bnc